[Event "ESP-chT 2nd Division 2019"]
[Site "Linares"]
[Date "2019.08.19"]
[Round "1.9"]
[White "Fernandez Cantalapiedra, Isabel"]
[Black "Soham Das"]
[Result "0-1"]
[WhiteElo "1703"]
[BlackElo "2339"]
[Annotator "TA"]
[PlyCount "94"]
[EventDate "2019.08.19"]
[EventType "team-tourn"]
[EventCountry "ESP"]
[SourceTitle "playchess.com"]
[Source "ChessBase"]
[SourceQuality "1"]

{[%evp 9,94,38,41,44,61,24,38,43,45,48,72,49,62,7,42,23,50,20,20,18,29,-14,-7,-43,0,0,-4,-60,-61,-78,-49,-64,0,0,49,0,0,0,15,22,54,36,45,23,30,25,49,59,87,73,66,62,65,-20,32,29,31,22,77,79,89,-38,-13,-24,-28,-206,-220,-253,-245,-233,-235,-238,-233,-335,-312,-245,-259,-254,-250,-249,-232,-427,-405,-369,-369,-723,-410]} 1. d4 f5 2. Nf3 Nf6 3. Bf4 d6 4. h3 h6 5. e3 g5 6. Bh2 {A80: Dutch Defence: Unusual White second moves} Bg7 7. Be2 (7. Nbd2 O-O 8. c3 Nc6 9. Bd3 Rb8 10. O-O Qe8 11. Re1 Qh5 12. Qc2 {0-1 (38) Aronian,L (2812)-Van Wely,L (2672) Wijk aan Zee 2014}) 7... e6 8. c4 {White is slightly better.} Qe7 9. Nc3 Nc6 10. O-O $146 ({Predecessor:} 10. a3 O-O 11. Qc2 Bd7 12. d5 {1-0 (54) Zurek,M (2445)-Pres,G (2335) Pardubice 1997}) 10... O-O 11. Nd2 (11. a3 $14) 11... Bd7 12. Rb1 a5 13. Nb5 Rac8 14. Rc1 e5 15. Re1 Kh8 16. Qb3 b6 17. Bf3 Qe8 $1 18. Qa3 (18. Rcd1 $11) 18... Nb4 $1 $15 19. Bb7 Rb8 $1 {[%cal Rb8b7]} 20. Bf3 e4 (20... g4 $1 $15 21. hxg4 (21. Nxc7 Qd8 $15) 21... fxg4) 21. Be2 $11 Rc8 22. Na7 Rb8 (22... Ra8 $5 23. Nb5 $8 Qd8 $11) 23. Nb5 Rb7 24. Qb3 Qe7 25. a3 Nc6 26. Qa2 Ra8 27. Nb1 Nd8 28. N1c3 Qe8 29. a4 Nc6 {[#]} 30. c5 $1 {[%mdl 512]} Nb4 (30... bxc5 31. dxc5) 31. Qb3 (31. Qa3 $14 bxc5 32. dxc5) 31... Be6 ({Black should play} 31... bxc5 $11 32. dxc5 Nd3) 32. Qd1 $14 {Hoping for cxb6.} bxc5 33. dxc5 Rd8 $1 34. cxd6 cxd6 35. Nxd6 (35. Nd4 $16) 35... Qe7 $36 {[%mdl 2048] Strongly threatening ...Rbd7. Black has some pressure.} 36. Ncb5 $1 Rbd7 {White must now prevent ...Ne8.} 37. Qd2 $2 {[#]} (37. Rc7 $11) 37... Ne8 $1 $19 {[%cal Re8d6]} 38. Red1 {[#]} f4 $1 {[%mdl 512]} 39. exf4 Nxd6 40. Nxd6 Rxd6 41. Qe1 (41. Qe3 $142 Rd4 42. fxg5) 41... Rxd1 ({But not} 41... Bxb2 42. Rxd6 Rxd6 {[#]} 43. f5 $1 $19 {[%mdl 512]}) 42. Rxd1 Bxb2 43. fxg5 hxg5 44. Bb5 Bf5 45. Qe2 $2 (45. Rxd8+ {might work better.} Qxd8 46. Qe2) 45... Rxd1+ 46. Qxd1 Nd3 47. Qd2 $2 (47. Bg3) 47... Qb4 {Accuracy: White = 29%, Black = 59%.} 0-1

[Event "ESP-chT 2nd Division 2019"]
[Site "Linares"]
[Date "2019.08.19"]
[Round "1.10"]
[White "Calzetta Ruiz, Monica"]
[Black "Lopez Bezanilla, Claudio"]
[Result "1-0"]
[WhiteElo "2257"]
[BlackElo "1528"]
[Annotator "NA"]
[PlyCount "27"]
[EventDate "2019.08.19"]
[EventType "team-tourn"]
[EventCountry "ESP"]
[SourceTitle "playchess.com"]
[Source "ChessBase"]
[SourceQuality "1"]
[TimeControl "5400+30"]

1. e4 {[%emt 0:00:00]} c5 {[%emt 0:00:00]} 2. Nc3 {[%emt 0:00:16]} d6 {[%emt 0:00:00]} 3. f4 {[%emt 0:00:21]} Nf6 {[%emt 0:03:09]} 4. Nf3 {[%emt 0:00:45]} a6 {[%emt 0:04:16]} 5. g3 {[%emt 0:04:25]} e6 {[%emt 0:05:56]} 6. Bg2 {[%emt 0:07:46]} Be7 {[%emt 0:03:57]} 7. O-O {[%emt 0:00:41]} O-O {[%emt 0:01:08]} 8. d4 {[%emt 0:09:50]} cxd4 {[%emt 0:00:08]} 9. Nxd4 {[%emt 0:00:03]} Nbd7 {[%emt 0:00:56]} 10. a4 {[%emt 0:07:23]} Qa5 {[%emt 0:29:20]} 11. Kh1 {[%emt 0:10:03]} Nb6 {[%emt 0:00:19]} 12. Nb3 {[%emt 0:02:50]} Qb4 {[%emt 0:01:05]} 13. a5 {[%emt 0:00:36]} Rd8 {[%emt 0:18:02]} 14. axb6 {[%emt 0:01:06]} 1-0

[Event "ESP-chT 2nd Division 2019"]
[Site "Linares"]
[Date "2019.08.19"]
[Round "1.11"]
[White "Perez Perez, Gabriel"]
[Black "Sosa, Tomas"]
[Result "0-1"]
[WhiteElo "2105"]
[BlackElo "2508"]
[Annotator "ChessBase"]
[PlyCount "72"]
[EventDate "2019.08.19"]
[EventType "team-tourn"]
[EventCountry "ESP"]
[SourceTitle "playchess.com"]
[Source "ChessBase"]
[SourceQuality "1"]
[TimeControl "5400+30"]

1. d4 {[%emt 0:00:00]} d5 {[%emt 0:00:06]} 2. c4 {[%emt 0:00:05]} e6 {[%emt 0:00:10]} 3. Nc3 {[%emt 0:02:03]} Nf6 {[%emt 0:00:35]} 4. cxd5 {[%emt 0:00:23]} exd5 {[%emt 0:00:07]} 5. Bg5 {[%emt 0:00:12]} c6 {[%emt 0:00:49]} 6. e3 {[%emt 0:03:03]} Be7 {[%emt 0:02:11]} 7. Bd3 {[%emt 0:00:38]} Nbd7 {[%emt 0:00:18]} 8. Nf3 {[%emt 0:00:38]} O-O {[%emt 0:03:04]} 9. Qc2 {[%emt 0:01:35]} Re8 {[%emt 0:00:52]} 10. O-O {[%emt 0:01:19]} g6 {[%emt 0:02:06]} 11. h3 {[%emt 0:05:32]} Nh5 {[%emt 0:04:14]} 12. Bxe7 {[%emt 0:05:30]} Qxe7 {[%emt 0:00:09]} 13. Rab1 {[%emt 0:01:32]} Nb6 {[%emt 0:00:25]} 14. b4 {[%emt 0:11:53]} a6 {[%emt 0:00:11]} 15. Rfe1 {[%emt 0:04:36]} Be6 {[%emt 0:02:09]} 16. Na4 {[%emt 0:06:55]} Nxa4 {[%emt 0:02:17]} 17. Qxa4 {[%emt 0:00:56]} Ng7 {[%emt 0:00:18]} 18. Qc2 {[%emt 0:10:13]} Nf5 {[%emt 0:07:40]} 19. a4 {[%emt 0:00:36]} Rec8 {[%emt 0:00:05]} 20. a5 {[%emt 0:08:25]} Nd6 {[%emt 0:01:37]} 21. Nd2 {[%emt 0:00:29]} Re8 {[%emt 0:00:40]} 22. Nb3 {[%emt 0:01:51]} Rad8 {[%emt 0:00:28]} 23. Nc5 {[%emt 0:00:31]} Bc8 {[%emt 0:00:06]} 24. Rbc1 {[%emt 0:05:30]} Kg7 {[%emt 0:04:06]} 25. Kh2 {[%emt 0:02:02]} g5 {[%emt 0:05:19]} 26. Qe2 {[%emt 0:01:41]} Ne4 {[%emt 0:05:25]} 27. Qh5 {[%emt 0:05:02]} Rd6 {[%emt 0:00:42]} 28. Kg1 {[%emt 0:00:36]} Rh6 {[%emt 0:00:18]} 29. Qe2 {[%emt 0:07:29]} g4 {[%emt 0:01:37]} 30. f3 {[%emt 0:00:16]} gxh3 {[%emt 0:02:10]} 31. fxe4 {[%emt 0:01:39]} hxg2 {[%emt 0:00:08]} 32. e5 {[%emt 0:00:27]} Qh4 {[%emt 0:00:51]} 33. Qxg2+ {[%emt 0:00:24]} Kh8 {[%emt 0:00:06]} 34. Re2 {[%emt 0:04:10]} Bh3 {[%emt 0:00:23]} 35. Qh2 {[%emt 0:00:42]} Rg8+ {[%emt 0:00:08]} 36. Kh1 {[%emt 0:00:29]} Bg4 {[%emt 0:00:05]} 0-1

[Event "ESP-chT 2nd Division 2019"]
[Site "Linares"]
[Date "2019.08.19"]
[Round "1.12"]
[White "Garriga Cazorla, Pere"]
[Black "Rodriguez Redondo, Adhara"]
[Result "1-0"]
[WhiteElo "2495"]
[BlackElo "2013"]
[Annotator "ChessBase"]
[PlyCount "95"]
[EventDate "2019.08.19"]
[EventType "team-tourn"]
[EventCountry "ESP"]
[SourceTitle "playchess.com"]
[Source "ChessBase"]
[SourceQuality "1"]
[TimeControl "5400+30"]

1. d4 {[%emt 0:00:00]} d5 {[%emt 0:00:00]} 2. c4 {[%emt 0:00:00]} e6 {[%emt 0:00:00]} 3. Nc3 {[%emt 0:00:00]} a6 {[%emt 0:00:00]} 4. cxd5 {[%emt 0:01:02]} exd5 {[%emt 0:00:00]} 5. Nf3 {[%emt 0:00:03]} c6 {[%emt 0:01:40]} 6. e4 {[%emt 0:00:05]} dxe4 {[%emt 0:02:55]} 7. Ng5 {[%emt 0:00:06]} Be7 {[%emt 0:17:26]} 8. Bc4 {[%emt 0:13:24]} Bxg5 {[%emt 0:06:23]} 9. Qh5 {[%emt 0:00:14]} g6 {[%emt 0:02:55]} 10. Qxg5 {[%emt 0:00:06]} Qxg5 {[%emt 0:04:37]} 11. Bxg5 {[%emt 0:00:07]} h6 {[%emt 0:02:43]} 12. Bh4 {[%emt 0:04:09]} f5 {[%emt 0:12:46]} 13. Bg3 {[%emt 0:01:03]} Nf6 {[%emt 0:02:39]} 14. O-O-O {[%emt 0:04:51]} Nbd7 {[%emt 0:03:40]} 15. Bb3 {[%emt 0:10:52]} Nb6 {[%emt 0:07:59]} 16. Be5 {[%emt 0:00:50]} Ke7 {[%emt 0:07:42]} 17. d5 {[%emt 0:00:08]} Nbxd5 {[%emt 0:02:58]} 18. Bxd5 {[%emt 0:00:36]} cxd5 {[%emt 0:00:34]} 19. Nxd5+ {[%emt 0:00:04]} Nxd5 {[%emt 0:00:11]} 20. Bxh8 {[%emt 0:00:04]} Be6 {[%emt 0:00:23]} 21. Be5 {[%emt 0:00:06]} Kf7 {[%emt 0:03:52]} 22. Rd4 {[%emt 0:01:42]} a5 {[%emt 0:01:07]} 23. a3 {[%emt 0:01:27]} b5 {[%emt 0:01:16]} 24. Rhd1 {[%emt 0:02:09]} Ne7 {[%emt 0:03:06]} 25. Rd6 {[%emt 0:07:13]} Rc8+ {[%emt 0:04:22]} 26. Kb1 {[%emt 0:03:54]} Rc5 {[%emt 0:02:19]} 27. Bd4 {[%emt 0:03:58]} Rc8 {[%emt 0:03:19]} 28. Bc3 {[%emt 0:01:23]} a4 {[%emt 0:02:11]} 29. Rb6 {[%emt 0:03:30]} Nd5 {[%emt 0:01:28]} 30. Rb7+ {[%emt 0:00:35]} Rc7 {[%emt 0:00:44]} 31. Rxc7+ {[%emt 0:04:48]} Nxc7 {[%emt 0:00:04]} 32. Rd8 {[%emt 0:00:37]} Ke7 {[%emt 0:01:31]} 33. Rh8 {[%emt 0:01:29]} h5 {[%emt 0:00:44]} 34. Bb4+ {[%emt 0:01:16]} Kf6 {[%emt 0:01:04]} 35. Rf8+ {[%emt 0:00:43]} Bf7 {[%emt 0:01:51]} 36. Bc3+ {[%emt 0:03:28]} Ke7 {[%emt 0:00:50]} 37. Rb8 {[%emt 0:00:05]} Be8 {[%emt 0:00:36]} 38. Rb7 {[%emt 0:01:55]} Kd6 {[%emt 0:00:24]} 39. Be5+ {[%emt 0:00:16]} Kxe5 {[%emt 0:00:07]} 40. Rxc7 {[%emt 0:00:04]} Kf6 {[%emt 0:00:42]} 41. Kc2 {[%emt 0:00:33]} g5 {[%emt 0:00:41]} 42. Kc3 {[%emt 0:00:42]} Ke6 {[%emt 0:00:39]} 43. Kd4 {[%emt 0:00:09]} g4 {[%emt 0:00:30]} 44. Rh7 {[%emt 0:00:33]} Bg6 {[%emt 0:00:29]} 45. Rb7 {[%emt 0:00:05]} Be8 {[%emt 0:00:08]} 46. Rb6+ {[%emt 0:00:05]} Ke7 {[%emt 0:00:18]} 47. Ke5 {[%emt 0:00:06]} Bd7 {[%emt 0:00:10]} 48. Rh6 {[%emt 0:00:05]} 1-0

[Event "ESP-chT 2nd Division 2019"]
[Site "Linares"]
[Date "2019.08.19"]
[Round "1.13"]
[White "Guillermo Gonzalez, Alvaro"]
[Black "Fernandez Diaz, Cristian"]
[Result "1/2-1/2"]
[WhiteElo "1992"]
[BlackElo "2303"]
[Annotator "TA"]
[PlyCount "103"]
[EventDate "2019.08.19"]
[EventType "team-tourn"]
[EventCountry "ESP"]
[SourceTitle "playchess.com"]
[Source "ChessBase"]
[SourceQuality "1"]

{[%evp 11,103,32,49,0,0,0,0,0,0,-2,-17,0,-11,-29,0,0,0,0,-4,0,21,-31,-43,-48,-41,-124,0,0,0,1,36,54,47,-37,-52,-39,-2,-41,0,-10,23,10,47,47,76,63,98,62,68,55,89,15,12,0,0,0,0,-8,-8,-8,-8,-12,-8,-8,0,0,0,0,0,-8,0,-8,-8,-8,0,0,0,0,0,-8,-8,-8,-8,-89,-89,-89,-89,-107,-8,-8,-8,-8,-8,-8]} 1. e4 d6 2. d4 Nf6 3. Nc3 g6 4. Bg5 Bg7 5. Qd2 c6 6. O-O-O b5 {White should prevent ...b4.} 7. e5 {B07: Pirc Defence: Miscellaneous Systems} (7. Bd3 Nbd7 8. f4 b4 9. Nce2 Qa5 10. Kb1 O-O 11. Nf3 Rb8 12. h4 d5 13. e5 Ne4 14. Qe3 Nc3+ 15. bxc3 bxc3+ {0-1 (30) Motylev,A (2663)-Andriasian,Z (2621) Tallinn 2016}) 7... dxe5 8. dxe5 {[%csl Gd1][%cal Rd2d8]} Qxd2+ 9. Rxd2 Ng4 10. f4 h6 11. Bh4 g5 12. fxg5 (12. Bg3 {seems wilder.} gxf4 13. Bxf4 b4 14. Na4 Bxe5 15. Bxe5 Nxe5 16. Rd4) 12... hxg5 13. Bxg5 Rxh2 $146 ({Predecessor:} 13... Nxh2 14. Be2 Ng4 15. Rxh8+ Bxh8 16. Nxb5 cxb5 {½-½ (59) Hallmann,N (2139)-Heinl,T (2253) Unterkochen 2003}) 14. Rxh2 Nxh2 15. Bd3 Bxe5 16. Re2 (16. Nxb5 $11 Nd7 17. Be4) 16... f6 $15 17. g3 Ng4 18. Bf4 {[#]} ({White should try} 18. Bd2 $15) 18... Nd7 (18... Bxc3 $1 $17 19. bxc3 e5) 19. Be4 $11 Bb7 {[#]} 20. Nxb5 $1 {[%mdl 512] Bxe5 is the strong threat.} Nc5 (20... O-O-O {feels hotter.} 21. Na3 e6 22. Bf3 Rg8 23. Re1 Bxf4+ 24. gxf4 e5) (20... cxb5 21. Bxb7) 21. Bxe5 cxb5 22. Bxb7 (22. Bg6+ $14 Kf8 23. Bd4) 22... Nxb7 $15 23. Bc3 Nd6 24. Nf3 Kf7 25. Nd4 e5 26. Bb4 Ne8 27. Nxb5 Kg6 28. c4 Ng7 29. Nd6 Ne6 30. Bc3 Rd8 31. Ne4 (31. Rd2 $16) 31... Rd3 $1 $11 32. Kc2 Rf3 33. b4 Ne3+ {[%mdl 64] Double Attack} 34. Kc1 Nxc4 {And now ...f5 would win.} 35. Rf2 Rxf2 (35... Ng5 {keeps more tension.} 36. Rxf3 Nxf3 37. Kc2 f5 38. Kd3 Nb6) 36. Nxf2 {[%mdl 4096] Endgame KBN-KNN} Nc7 37. Kc2 Kf5 38. Kd3 Nd6 39. Bd2 Ke6 40. Be3 a6 41. Ne4 Nxe4 42. Kxe4 {KB-KN} f5+ 43. Kd3 Kd5 44. a4 Ne8 45. b5 axb5 46. axb5 Nd6 47. Ke2 (47. b6 $11) 47... Nxb5 $17 48. Kf2 Ke4 49. Bg5 Kd3 {[#]} (49... Nc3 $17 {White must now prevent ...Kd3.} 50. Bf6 Nd5) 50. g4 $1 $11 {[%mdl 512] The position is equal.} f4 {[#]} (50... fxg4 51. Kg3) 51. Bxf4 $1 {[%mdl 512]} exf4 52. Kf3 {Accuracy: White = 46%, Black = 45%.} 1/2-1/2

[Event "ESP-chT 2nd Division 2019"]
[Site "Linares"]
[Date "2019.08.19"]
[Round "1.14"]
[White "Marti Puig, Patricia"]
[Black "Alvarez Alonso, Alberto"]
[Result "0-1"]
[WhiteElo "1683"]
[BlackElo "1986"]
[Annotator "NA RC"]
[PlyCount "102"]
[EventDate "2019.08.19"]
[EventType "team-tourn"]
[EventCountry "ESP"]
[SourceTitle "playchess.com"]
[Source "ChessBase"]
[SourceQuality "1"]
[TimeControl "5400+30"]

1. e4 {[%emt 0:00:00]} e6 {[%emt 0:00:00]} 2. d4 {[%emt 0:00:00]} d5 {[%emt 0:00:00]} 3. Nd2 {[%emt 0:00:00]} Nf6 {[%emt 0:00:11]} 4. e5 {[%emt 0:00:00]} Nfd7 {[%emt 0:00:07]} 5. f4 {[%emt 0:00:07]} c5 {[%emt 0:00:08]} 6. c3 {[%emt 0:01:16]} Nc6 {[%emt 0:00:06]} 7. Ndf3 {[%emt 0:01:29]} cxd4 {[%emt 0:00:25]} 8. cxd4 {[%emt 0:00:45]} Bb4+ {[%emt 0:00:21]} 9. Bd2 {[%emt 0:00:46]} Be7 {[%emt 0:00:40]} 10. Ne2 {[%emt 0:02:30]} f6 {[%emt 0:01:18]} 11. h4 {[%emt 0:07:43]} b5 {[%emt 0:13:17]} 12. Rc1 {[%emt 0:24:15]} Qb6 {[%emt 0:01:42]} 13. g3 {[%emt 0:03:09]} fxe5 {[%emt 0:00:45]} 14. fxe5 {[%emt 0:00:55]} O-O {[%emt 0:12:52]} 15. Bf4 {[%emt 0:05:06]} Na5 {[%emt 0:44:37]} 16. Qd3 {[%emt 0:05:43]} Re8 {[%emt 0:03:55]} 17. Ng5 {[%emt 0:10:52]} Nf8 {[%emt 0:00:32]} 18. Bh3 {[%emt 0:01:42]} Bd7 {[%emt 0:01:46]} 19. O-O {[%emt 0:01:24]} h6 {[%emt 0:03:44]} 20. Nf3 {[%emt 0:06:17]} Rec8 {[%emt 0:01:06]} 21. Bd2 {[%emt 0:04:24]} Nc4 {[%emt 0:01:24]} 22. b3 {[%emt 0:00:57]} Nxd2 {[%emt 0:00:47]} 23. Qxd2 {[%emt 0:00:17]} Rxc1 {[%emt 0:01:37]} 24. Rxc1 {[%emt 0:00:35]} Rc8 {[%emt 0:01:38]} 25. Rxc8 {[%emt 0:01:11]} Bxc8 {[%emt 0:00:07]} 26. Nf4 {[%emt 0:00:27]} Qc6 {[%emt 0:01:43]} 27. b4 {[%emt 0:05:12]} Bd7 {[%emt 0:01:58]} 28. a3 {[%emt 0:04:17]} a5 {[%emt 0:00:14]} 29. Ne1 {[%emt 0:01:48]} axb4 {[%emt 0:01:30]} 30. axb4 {[%emt 0:00:06]} Qc4 {[%emt 0:00:27]} 31. Nc2 {[%emt 0:02:04]} Qb3 {[%emt 0:01:16]} 32. Nd3 {[%emt 0:01:15]} Be8 {[%emt 0:01:18]} 33. Nc5 {[%emt 0:02:38]} Qxg3+ {[%emt 0:00:08]} 34. Qg2 {[%emt 0:00:30]} Qxh4 {[%emt 0:01:28]} 35. Nxe6 {[%emt 0:00:46]} Nxe6 {[%emt 0:01:01]} 36. Bxe6+ {[%emt 0:00:03]} Kh8 {[%emt 0:00:11]} 37. Bxd5 {[%emt 0:00:16]} Bxb4 {[%emt 0:01:56]} 38. Be4 {[%emt 0:02:45]} Be7 {[%emt 0:00:47]} 39. d5 {[%emt 0:00:28]} Bc5+ {[%emt 0:00:15]} 40. Kf1 {[%emt 0:00:53]} Qf4+ {[%emt 0:00:18]} 41. Qf3 {[%emt 0:01:53]} Qxe5 {[%emt 0:00:38]} 42. Ne3 {[%emt 0:01:13]} Bh5 {[%emt 0:01:33]} 43. Qf5 {[%emt 0:01:16]} Qxf5+ {[%emt 0:00:29]} 44. Nxf5 {[%emt 0:00:02]} Bg4 {[%emt 0:00:34]} 45. d6 {[%emt 0:01:05]} Bxf5 {[%emt 0:00:07]} 46. Bxf5 {[%emt 0:00:33]} Bxd6 {[%emt 0:00:06]} 47. Bg6 {[%emt 0:00:33]} Kg8 {[%emt 0:00:14]} 48. Ke2 {[%emt 0:00:09]} Kf8 {[%emt 0:00:08]} 49. Kd3 {[%emt 0:00:10]} Ke7 {[%emt 0:00:25]} 50. Kd4 {[%emt 0:00:34]} Kf6 {[%emt 0:00:19]} 51. Bd3 {[%emt 0:00:19]} b4 {[%emt 0:00:10]} 0-1

[Event "ESP-chT 2nd Division 2019"]
[Site "Linares"]
[Date "2019.08.19"]
[Round "1.16"]
[White "Gamundi Salamanca, Antonio"]
[Black "Rego, Pedro Filipe"]
[Result "1-0"]
[WhiteElo "2444"]
[BlackElo "2264"]
[Annotator "NA"]
[PlyCount "71"]
[EventDate "2019.08.19"]
[EventType "team-tourn"]
[EventCountry "ESP"]
[SourceTitle "playchess.com"]
[Source "ChessBase"]
[SourceQuality "1"]
[TimeControl "5400+30"]

1. d4 {[%emt 0:00:00]} Nf6 {[%emt 0:00:00]} 2. Bf4 {[%emt 0:00:02]} d5 {[%emt 0:00:00]} 3. e3 {[%emt 0:00:14]} c5 {[%emt 0:00:22]} 4. c3 {[%emt 0:00:08]} Nc6 {[%emt 0:00:08]} 5. Nd2 {[%emt 0:00:14]} e6 {[%emt 0:00:08]} 6. Ngf3 {[%emt 0:00:30]} cxd4 {[%emt 0:00:10]} 7. exd4 {[%emt 0:00:28]} Nh5 {[%emt 0:00:15]} 8. Be3 {[%emt 0:06:33]} Bd6 {[%emt 0:00:11]} 9. Ne5 {[%emt 0:02:31]} g6 {[%emt 0:00:36]} 10. Bb5 {[%emt 0:15:49]} Bd7 {[%emt 0:13:22]} 11. Nxd7 {[%emt 0:02:45]} Qxd7 {[%emt 0:00:16]} 12. O-O {[%emt 0:00:06]} O-O {[%emt 0:05:14]} 13. Re1 {[%emt 0:01:30]} Qc7 {[%emt 0:03:58]} 14. Nf3 {[%emt 0:03:09]} Qb6 {[%emt 0:08:53]} 15. Qe2 {[%emt 0:08:42]} Nf4 {[%emt 0:08:01]} 16. Qf1 {[%emt 0:00:56]} Nh5 {[%emt 0:04:04]} 17. Rab1 {[%emt 0:01:54]} a6 {[%emt 0:02:41]} 18. Bd3 {[%emt 0:01:50]} Qc7 {[%emt 0:00:52]} 19. g3 {[%emt 0:03:26]} Rae8 {[%emt 0:08:07]} 20. Bh6 {[%emt 0:09:09]} Ng7 {[%emt 0:00:15]} 21. Qg2 {[%emt 0:03:18]} f6 {[%emt 0:03:08]} 22. Re2 {[%emt 0:01:24]} e5 {[%emt 0:01:31]} 23. dxe5 {[%emt 0:00:47]} fxe5 {[%emt 0:00:39]} 24. Ng5 {[%emt 0:00:04]} e4 {[%emt 0:00:36]} 25. Bc2 {[%emt 0:00:27]} Kh8 {[%emt 0:07:46]} 26. Bb3 {[%emt 0:01:21]} Ne5 {[%emt 0:00:27]} 27. Bxd5 {[%emt 0:01:53]} Nf3+ {[%emt 0:00:05]} 28. Nxf3 {[%emt 0:03:58]} exf3 {[%emt 0:01:33]} 29. Bxf3 {[%emt 0:01:06]} Rxe2 {[%emt 0:00:24]} 30. Bxe2 {[%emt 0:02:31]} Bc5 {[%emt 0:00:10]} 31. Rf1 {[%emt 0:00:43]} Re8 {[%emt 0:03:30]} 32. Bf3 {[%emt 0:01:04]} b5 {[%emt 0:05:46]} 33. Bg4 {[%emt 0:03:36]} Qd6 {[%emt 0:04:14]} 34. Qb7 {[%emt 0:02:33]} Re7 {[%emt 0:03:03]} 35. Qc8+ {[%emt 0:01:53]} Ne8 {[%emt 0:00:03]} 36. Bf8 {[%emt 0:01:50]} 1-0

[Event "ESP-chT 2nd Division 2019"]
[Site "Linares"]
[Date "2019.08.19"]
[Round "1.17"]
[White "Martins, Bruno Andre Leite"]
[Black "Perez Garcia, Alejandro"]
[Result "1-0"]
[WhiteElo "2186"]
[BlackElo "2347"]
[Annotator "TA"]
[PlyCount "91"]
[EventDate "2019.08.19"]
[EventType "team-tourn"]
[EventCountry "ESP"]
[SourceTitle "playchess.com"]
[Source "ChessBase"]
[SourceQuality "1"]

{[%evp 11,91,33,40,35,35,28,46,43,42,34,48,33,38,12,38,41,76,64,67,78,85,93,73,2,75,68,62,68,65,71,108,115,143,143,166,185,180,192,177,120,111,96,96,96,96,94,91,85,79,64,77,77,74,74,77,74,74,74,76,74,77,59,79,74,81,39,73,9,46,45,73,72,320,320,554,526,29989,29990,29990,29991,29991,29992]} 1. e4 e5 2. Nf3 d6 3. d4 exd4 4. Nxd4 Nf6 5. Nc3 Be7 6. g3 O-O 7. Bg2 {C41: Philidor Defence} Re8 8. O-O Bf8 9. h3 {White is slightly better.} a5 (9... Nc6 10. Re1 Bd7 11. Be3 Ne5 12. b3 h6 13. Qd2 c6 14. a4 Qc7 {0-1 (66) Amin,B (2710)-Kazhgaleyev,M (2587) St Petersburg 2018}) 10. a4 c6 11. g4 Na6 12. Re1 Nc5 13. Bf4 d5 $146 ({Predecessor:} 13... Ne6 14. Bg3 Qb6 {½-½ (42) Kosteniuk,A (2472)-Huang,Q (2443) St Petersburg 2012}) 14. exd5 {Threatens to win with Rxe8.} Rxe1+ 15. Qxe1 Nxd5 16. Nxd5 cxd5 17. b3 (17. Qe5 $16) 17... Ne6 (17... h5 $1 $11 {remains equal.}) 18. Nxe6 $16 Bxe6 19. Rd1 $36 {[%mdl 2048] White has some pressure.} Qf6 20. Qe5 Qxe5 21. Bxe5 Rc8 22. Bxd5 Rxc2 23. Bxe6 {Strongly threatening Bc4.} fxe6 {[%mdl 4096] Endgame KRB-KRB} 24. Rd8 Rc6 25. Rb8 (25. Bb2 $18 {Ba3 is the strong threat.} Rc7 26. Ba3) 25... Rb6 26. Bd4 Rxb3 27. Bc5 $1 {[%csl Gc5][%cal Rb8f8]} Rf3 28. Kg2 {[%mdl 1024] White has strong compensation.} Rf7 29. Kg3 g5 30. f3 e5 31. Bd6 h6 32. Kg2 Rf6 33. Bxe5 Rb6 34. Bd4 Rc6 35. h4 ({Much worse is} 35. Rxb7 Rc4 $11) 35... gxh4 36. Kh3 ({Much weaker is} 36. Rxb7 $6 Rc4 $11) 36... Rc4 {[#]} 37. Be5 $1 {[%cal Re5d6] Hoping for Bd6.} Kf7 38. Rxb7+ Ke6 39. Bg7 (39. f4 $16) 39... Be7 40. Rb6+ Kf7 41. Bxh6 {And now g5 would win.} Rxa4 $2 {[#]} (41... Rc3 $16 {keeps fighting.}) 42. g5 $1 $18 {[%cal Rg5g6] White wants to mate with g6+.} Rb4 $2 (42... Rd4 {was necessary.} 43. g6+ Kg8) 43. Ra6 {g6+ would kill now.} a4 44. g6+ {White mates.} Ke8 45. g7 Kf7 46. Ra8 {Accuracy: White = 69%, Black = 52%.} 1-0